| 000 | 00753nam a22001577a 4500 | ||
|---|---|---|---|
| 003 | OSt | ||
| 005 | 20160321090341.0 | ||
| 008 | 160321b xxu||||| |||| 00| 0 eng d | ||
| 040 | _cRUA | ||
| 082 | _aLMA KIM 2006 B473 Or.1 | ||
| 100 |
_98067 _aKIM PHEAKMARA; គឹម ភមរា |
||
| 245 | _aAdjudication process systematic land registration in ruesseikaev district, phnom penh municipality; ដំណើរការនៃការវិនិច្ឆ័យក្នុងការចុះបញ្ជីដីធ្លីមានលក្ខណ:ជាប្រព័ន្ធ នៅខណ្ឌឬស្សីកែវ ក្រុងភ្នំពេញ | ||
| 260 |
_aPhnom Penh _bRUA _c2006 |
||
| 300 |
_ax;47p. _bill. _c29cm. |
||
| 942 |
_2ddc _cLMA |
||
| 999 |
_c7667 _d7667 |
||